000 00548 a2200157 4500
999 _c206
_d206
008 200917b ||||| |||| 00| 0 eng d
020 _a9789280116533
041 0 _aeng
082 0 0 _a623.888
_bI339
110 _976
_aInternational Maritime Organization
245 _aInternational code of safety for ships using gases or other low flash point fuels (IGF Code) /
_cInternational Maritime Organization
260 _aLondon:
_bInternational Maritime Organization,
_c2016.
300 _aix,105 p.
650 0 _aMarine Safety Technology
942 _2ddc
_cBK